Statistics for Synonyms #2

Click here to take the quiz!

General Stats

  • This quiz has been taken 242 times
  • The average score is 13 of 20

Answer Stats

WordSynonym% Correct
DadFather
96%
MomMother
96%
MaleMan
92%
AcademySchool
86%
VioletPurple
83%
DisappearedVanish
82%
WeepCry
81%
ChildKid
77%
StupidDumb
72%
BladeKnife
68%
PreparedReady
68%
DawnSunrise
66%
AmazingFantastic
64%
LastFinal
50%
CarAutomobile
49%
GunPistol
46%
DirtSoil
45%
ThinSlim
40%
DuskSundown
27%
SilentMute
17%

Score Distribution

Percentile by Number Answered

Percent of People with Each Score

Your Score History

You have not taken this quiz